Az utóbbi évek változásainak hatása az iskolavezetés jogi környezetére

Elmentve itt :
Bibliográfiai részletek
Szerző: Harnos István
További közreműködők: Boros László (Témavezető)
Dokumentumtípus: Szakdolgozat
Megjelent: 2016
Tárgyszavak:
Online Access:http://diploma.bibl.u-szeged.hu/65336
LEADER 00710nta a2200169 i 4500
001 dipl65336
005 20170321111448.0
008 170320s2016 hu om 0|| zxx d
040 |a SZTE Diploma Repozitórium  |b hun 
041 |a zxx 
100 1 |a Harnos István 
245 1 3 |a Az utóbbi évek változásainak hatása az iskolavezetés jogi környezetére  |h [elektronikus dokumentum] /  |c Dr. István Harnos 
246 1 0 |a Legal system of the schoolmanagement by some few last years   |h [elektronikus dokumentum] 
260 |c 2016 
650 4 |a Bölcsészettudományok 
700 1 |a Boros László  |e ths 
856 4 0 |u http://diploma.bibl.u-szeged.hu/id/eprint/65336/2/2016_dr__Harnos_Istv%C3%A1n_HAIGAA_T_SZE_SZ.pdf  |z Dokumentum-elérés